Luyện kỹ năng nói tiếng Anh cho người bắt đầu học = Speak out for beginners

Quyển sách giới thiệu cho người dùng những kỹ năng cần thiết cho việc nói tiếng Anh. Đặc biệt, là những người mới bắt đầu học nói anh văn. Bao gồm những kỹ năng và những bài học cần thiết cho nhu cầu luyện kỹ năng nói. Sách có kèm t...

Full beskrivning

Sparad:
Bibliografiska uppgifter
Huvudupphovsman: Jolley, Paul
Materialtyp: Bok
Språk:Undetermined
Publicerad: Thành phố Hồ Chí Minh Tổng hợp Thành phố Hồ Chí Minh 2009
Ämnen:
Taggar: Lägg till en tagg
Inga taggar, Lägg till första taggen!
Thư viện lưu trữ: Trung tâm Học liệu Trường Đại học Cần Thơ
LEADER 01197nam a2200229Ia 4500
001 CTU_154870
008 210402s9999 xx 000 0 und d
020 |c 110000 
082 |a 428.34 
082 |b J75/T.2 
100 |a Jolley, Paul 
245 0 |a Luyện kỹ năng nói tiếng Anh cho người bắt đầu học = 
245 0 |b Speak out for beginners 
245 0 |c Paul Jolley ; Bản dịch tiếng Việt Lê Huy Lâm, Phạm Văn Thuận 
260 |a Thành phố Hồ Chí Minh 
260 |b Tổng hợp Thành phố Hồ Chí Minh 
260 |c 2009 
520 |a Quyển sách giới thiệu cho người dùng những kỹ năng cần thiết cho việc nói tiếng Anh. Đặc biệt, là những người mới bắt đầu học nói anh văn. Bao gồm những kỹ năng và những bài học cần thiết cho nhu cầu luyện kỹ năng nói. Sách có kèm theo một đĩa CD-Rom. 
650 |a English language,Tiếng Anh 
650 |x Speaking,Môn nói 
904 |i Cẩm Thiêu,Hải 
980 |a Trung tâm Học liệu Trường Đại học Cần Thơ